000 00673nam a2200217Ii 4500
003 JO-AjNU
008 230605s9999||||xx |||||||||||||| ||und||
017 _a1996/9/1169
040 _aJO-AjNU
_bara
_erda
_cJO-AjNU
041 _aara
050 1 4 _aBF575.1996
100 3 _aالطيبي، عكاشة عبد المنان,
_eauthor
_937820
245 0 0 _aدع القلق وعش سعيدا
250 _aط1
264 3 1 _aعمان:دار الاسراء للنشر والتوزيع،1996
300 _a80ص
336 _atext
_btxt
_2rdacontent
337 _aunmediated
_bn
_2rdamedia
338 _avolume
_bnc
_2rdacarrier
650 4 _aعلم النفس-القلق
_937821
999 _aA15838
_c19406
_d19406